Statistiken für Stationen der S80 (Wien)

Klicken Sie hier um das Quiz zu spielen!

Allgemein

  • Dieses Quiz wurde 32 mal gespielt
    (23 seit der letzten Aktualisierung)
  • Das Durchschnittsergebnis liegt bei 10 aus 12

Antwortstatistiken

Haltestelle% Korrekt
Wien Hauptbahnhof
100%
Wien Hütteldorf
100%
Wien Matzleinsdorfer Platz
100%
Wien Meidling
100%
Wien Simmering
94%
Wien Stadlau
89%
Wien Aspern Nord
83%
Wien Speising
83%
Wien Erzherzog-Karl-Straße
78%
Wien Praterkai
78%
Wien Haidestraße
67%
Wien Hirschstetten
67%

Verteilung der Resultate

Perzentil nach korrekt beantworteten Fragen

Anzahl Personen mit jedem Resultat

Ihre Resultats-Entwicklung

Sie haben dieses Quiz seit der letzten Aktualisierung nicht gespielt